000 01725nam a2200277 a 4500
001 77801
003 BD-RjUL
005 20211209083028.0
008 210118s2011 bg ||||| m||| 00| 0 eng d
035 _a(BD-RjUL)78027
040 _aBD-RjUL
_bben /eng
_cBD-RjUL
_dBD-RjUL
041 _aben
082 _a297.272
_bOBI 2011
_223
100 _aওবায়েদ, মুহাম্মদ ওবায়েদুর রহমান
_9167380
245 1 0 _aইসলামী রাষ্ট্রে ব্যাক্তি স্বাধীনতা ও মৌলিক অধিকার :
_bএকটি পর্যালোচনা /
_cমুহাম্মদ ওবায়েদুর রহমান ওবায়েদ ;
_6তত্ত্বাবধায়ক : মোহাম্মদ বেলাল হোসেন
260 _aরাজশাহী :
_bইসলামিক স্টাডিজ বিভাগ, রাজশাহী বিশ্ববিদ্যালয়,
_c২০১১
300 _aix, ১৯০ পাতা ;
_c২৯ সেমি.
502 _aথিসিস (পিএইচ. ডি.) -- ইসলামিক স্টাডিজ বিভাগ, রাজশাহী বিশ্ববিদ্যালয়, ২০১১
504 _aগ্রন্থপঞ্জি : পাতা ১৮২-১৯০
650 _aইসলাম ও রাষ্ট্র
_9243854
650 _aIslam and state
_9243855
650 _aইসলাম ও রাষ্ট্র
_9243854
650 _aIslam and state
_9243855
700 _aহোসেন, মোহাম্মদ বেলাল, তত্ত্বাবধায়ক
_9243672
942 _2ddc
_cTHE
999 _c77801
_d77801